La planeación en Colombia : (Registro nro. 7245)

Detalles MARC
000 -LEADER
fixed length control field 01365nam a22002657a 4500
003 - CONTROL NUMBER IDENTIFIER
control field OSt
005 - DATE AND TIME OF LATEST TRANSACTION
control field 20210218152453.0
008 - FIXED-LENGTH DATA ELEMENTS--GENERAL INFORMATION
fixed length control field 210218s2002 ck ||||fr|||| 001 0 spa d
020 ## - INTERNATIONAL STANDARD BOOK NUMBER
International Standard Book Number 9588087902
040 ## - CATALOGING SOURCE
Original cataloging agency CO-JMCR
Transcribing agency CO-JMCR
041 0# - LANGUAGE CODE
Language code of text/sound track or separate title spa
082 04 - DEWEY DECIMAL CLASSIFICATION NUMBER
Classification number 320.9861 /
Item number M833p
Edition number 23
100 1# - MAIN ENTRY--PERSONAL NAME
Personal name Morcillo, Pedro Pablo,
Relator term autor
9 (RLIN) 13666
245 13 - TITLE STATEMENT
Title La planeación en Colombia :
Remainder of title historia, derecho y gestión /
Statement of responsibility, etc. Pedro Pablo Morcillo
260 ## - PUBLICATION, DISTRIBUTION, ETC.
Place of publication, distribution, etc. Bogotá :
Name of publisher, distributor, etc. Universidad Piloto de Colombia : Ediciones Jurídicas Gustavo Ibañez,
Date of publication, distribution, etc. 2002
300 ## - PHYSICAL DESCRIPTION
Extent xx, 799 páginas ;
Dimensions 24 cm.
490 0# - SERIES STATEMENT
Series statement Textos universitarios
500 ## - GENERAL NOTE
General note Incluye: Notas a pie de página e índice analítico a final del texto.
504 ## - BIBLIOGRAPHY, ETC. NOTE
Bibliography, etc. note Bibliografía: p. 773-782.
505 0# - FORMATTED CONTENTS NOTE
Formatted contents note Marco conceptual y administrativo -- Antecedentes -- La constitución intervencionista de 1886 -- Evolución normativa de la planeación para el desarrollo -- La planeación para el desarrollo al final del Siglo XX -- Régimen legal de la planeación para el desarrollo -- La planeación de las entidades territoriales -- Otros aspectos relacionados con la planeación para el desarrollo y conclusiones generales -- Resumen ejecutivo
650 14 - SUBJECT ADDED ENTRY--TOPICAL TERM
Topical term or geographic name entry element Política económica
Geographic subdivision Colombia
9 (RLIN) 13667
650 14 - SUBJECT ADDED ENTRY--TOPICAL TERM
Topical term or geographic name entry element Política y gobierno
Geographic subdivision Colombia
9 (RLIN) 7461
651 #4 - SUBJECT ADDED ENTRY--GEOGRAPHIC NAME
Geographic name Colombia
General subdivision historia
9 (RLIN) 8795
942 ## - ADDED ENTRY ELEMENTS (KOHA)
Source of classification or shelving scheme Dewey Decimal Classification
Koha item type Books
Existencias
Withdrawn status Lost status Source of classification or shelving scheme Damaged status Not for loan Collection code Home library Current library Date acquired Source of acquisition Total Checkouts Full call number Barcode Date last seen Copy number Price effective from Koha item type
    Dewey Decimal Classification     Non-fiction Biblioteca Pública José María del Castillo y Rada Biblioteca Pública José María del Castillo y Rada 10/02/2020 Donación   320.9861 / M833p 201810335 05/16/2024 Ej.1 02/18/2021 Books